| 000 | 00422nam a2200169Ia 4500 | ||
|---|---|---|---|
| 008 | 100525t1990 xxu||||| |||| 00| 0 sin d | ||
| 041 | _asin | ||
| 080 |
_aX8S31 _bGUN |
||
| 100 | _aGunasekara, J.E. | ||
| 245 | _aඑලෝ අමුත්තෝ | ||
| 246 | _aElo Amuththo 27 | ||
| 260 |
_bMihira _aHomagama _c1990 |
||
| 300 | _a54p., 21 cm | ||
| 942 | _cBK | ||
| 999 |
_c70636 _d70636 |
||
| 003 | LK-CoDNM | ||
| 040 |
_aLK-CoDNM _dLK-CoDNM _eLK-CoDNM |
||